000 00820cam a2200241 a 4500
001 000026418
005 20250501120733.0
008 800131s1970 mx a 000 0 spa d
040 _aDO-SdBNP
_bspa
_cBNPHU
082 _axxxx
_bV659e, 1970
100 1 _aViel V., Benjamín
_933591
245 1 3 _aLa explosión demográfica :
_b¿cuántos son demasiados? /
_cBenjamín Viel V. ; prólogo de Álvaro García Peña.
250 _a2a ed.
260 _aMéxico :
_bPax-México,
_c1970.
300 _axxiii, 304 p. :
_bil. ;
_c21 cm.
504 _aBibliografía : p. 295-303
650 0 _aDemografía
_945443
650 4 _aControl natal
_zAmérica Latina
_933592
650 4 _aPoblación
_zAmérica Latina
_933593
650 0 _aProblemas sociales
_99290
700 1 _aGarcía Peña, Álvaro,
_epról.
_933594
049 _aBNGR
999 _c25910
_d25910